Twitch Emotes erraten - Statistiken

Allgemein
  • Dieses Quiz wurde 311 mal gespielt
  • Das Durchschnittsergebnis liegt bei 7 aus 20
Antwortstatistiken
Bildquiz Antwort % Korrekt
Kappa
86%
LUL
65%
POGGERS
54%
catJam
45%
NotLikeThis
41%
AYAYA
40%
Kreygasm
39%
Pepega
39%
Jebaited
35%
PepeLeaugh
35%
BibleThumb
30%
4Head
28%
BabyRage
26%
PepeHands
26%
Keepo
25%
CoolStoryBob
20%
haHaa
18%
Trihard
18%
BlessRNG
13%
VaYiHo
1%
Keine übereinstimmenden Quizze gefunden
Verteilung der Resultate
Anzahl Personen mit jedem Resultat
Perzentil nach korrekt beantworteten Fragen
Ihre Resultats-Entwicklung
Sie haben dieses Quiz noch nicht gespielt